Oko ihly

Bibliographic Details
Main Author: Follett, Ken, 1949- (Author)
Other Authors: Jusková, Katarína, 1947- (Translator), Kantorová-Báliková, Jana, 1951- (Translator), Zentko, Peter (Bookjacket designer)
Format: Book
Language:Slovak
English
PhysicalDescription:318 strán 24 cm
Published: Bratislava Tatran 2024
ISBN:9788022216296
Edition:Vydanie I.
Subjects:

MARC

LEADER 00000cam a2200000 4500
001 vtls012271384
003 SK-MaSNL
005 20260301022601.0
008 250217s2024 xo g 000 f slo
015 |a SNBA2025/06 
020 |a 9788022216296  |q (viazané) 
040 |a SNK  |b slo  |c SNK  |e rda 
041 1 |a slo  |h eng 
044 |a xo  |c SK 
072 7 |a 821.111-3  |x Anglická próza, anglicky písaná  |2 konspekt 
080 |a (0:82-311.6)  |2 2011 
080 |a (0:82-312.4)  |2 2011 
100 1 |a Follett, Ken,  |d 1949-  |4 aut  |9 204293 
240 1 0 |a Eye of the needle  |l Slovensky 
245 1 0 |a Oko ihly  |c Ken Follet ; z anglického originálu Eye of the needle ... preložila Katarína Jusková 
250 |a Vydanie I. 
264 1 |a Bratislava  |b Tatran  |c 2024 
300 |a 318 strán  |c 24 cm 
336 |a text  |b txt  |2 rdacontent 
337 |a bez média  |b n  |2 rdamedia 
338 |a zväzok  |b nc  |2 rdacarrier 
500 |a Obsahuje profesijné údaje o autorovi na záložke prebalu publikácie 
655 7 |a anglické romány  |2 SNKPH  |9 70428 
655 7 |a trilery (romány)  |2 SNKPH  |9 151146 
655 7 |a English fiction  |2 SNKPHeng  |9 109944 
655 7 |a Thrillers (novels)  |2 SNKPHeng  |9 310918 
700 1 |a Jusková, Katarína,  |d 1947-  |4 trl  |9 7514 
700 1 |a Kantorová-Báliková, Jana,  |d 1951-  |4 trl  |9 160814 
700 1 |a Zentko, Peter  |4 bjd  |9 236195 
852 |a Slovenská národná knižnica 
919 |a 978-80-222-1629-6 
954 |a beletria cudzojazyčná (svetová)  |2 lita 
958 |a LX 
958 |a UP 
968 |b ENG 
999 |c 567626  |d 569556 
952 |a SNK  |b SNK  |y PREZ  |7 0  |p 17A1565006  |o snkSC 209384  |i snk2025/2648  |8 0  |0 0  |1 0  |4 0  |d 2025-02-17  |f 1  |l 0  |r 2025-11-03 00:00:00  |w 2026-02-23 
952 |a SNK  |b SNK  |y PREZ  |7 0  |p 17A1565116  |o snkSC 209384 D1  |i snk2025/3314  |8 0  |0 0  |1 0  |4 0  |d 2025-02-25  |l 0  |r 2026-02-23 14:03:25  |w 2026-02-23